| 000 | 00585nam a2200181Ia 4500 | ||
|---|---|---|---|
| 005 | 20250326141033.0 | ||
| 008 | 250326s9999 xx 000 0 und d | ||
| 037 | _aTextbook | ||
| 040 |
_aFMSL _beng _cFMSL |
||
| 041 |
_aeng _2eng |
||
| 084 |
_aX:51 P1.5(R) _qFMSL |
||
| 100 |
_aMorse S _9736953 |
||
| 245 | 0 |
_aArt of marketing. Vol.5 : Successful product management: A guide to strategy, planning and development _cMorse S |
|
| 260 |
_aNew Delhi _bNew Delhi, Crest Publishing House _c2001 |
||
| 300 | _a148p | ||
| 942 |
_cTB _hX:51 P1.5(R) |
||
| 999 |
_c1288407 _d1288407 |
||